000 01048nam a2200229 a 4500
001 65219
003 BD-RjUL
005 20211209081411.0
008 170301s1955 ii ||||| |||| 00| 0 ben d
035 _a(BD-RjUL)65349
040 _aBD-RjUL
_beng
_cBD-RjUL
_dBD-RjUL
041 _aben
082 _223
_a891.4414
_bSER 1955
100 _aসেনগুপ্ত, সুবোধচন্দ্র
_9118717
245 _aরবীন্দ্রনাথ /
_cশ্রীসুবোধচন্দ্র সেনগুপ্ত
250 _a৩য় সং.
260 _aকলকাতা :
_bএ. মুখার্জী এ্যান্ড কোং প্রাইভেট লিমিটেড,
_c১৯৫৫।
300 _a৩৫৬ পৃ. ;
_c২২ সেমি
600 _aঠাকুর, রবীন্দ্রনাথ
_d১৮৬১-১৯৪১
_xসমালোচনা ও ব্যাখ্যা
_9193101
600 _aTagore, Rabindranath,
_d1861-1941
_xCriticism and interpretation.
_9193102
942 _2ddc
_cBK
_01
999 _c65219
_d65219